000 00479nam a2200157 i 4500
001 33612
003 ES-MaACL
005 20230906154805.0
007 t|
008 030202s1922 fr ||||1| fre d
100 1 _aBinet-Valmer (
_d1875-1940)
_928921
245 1 3 _aL' homme et les hommes
_b: les jours sans gloire : roman de moeurs /
_cJean-Gustave Binet-Valmer.
260 _aParĂ­s :
_b[s.n.,
_c1922] (
_fE. Grevin)
300 _a286 p. ;
_c19 cm.
852 _aES-MaACL
_jF-12828
999 _c33612
_d33612